LDR 01087naa#a2200241#i#450# 001 EN\\bibl\102914 005 20260429202035.3 011 ## _a2071-7318 100 ## _a20260409b2026####ek#y0engy0150####ca 102 ## _aRU 200 1# _aDEVELOPMENT OF TOURIST INFRASTRUCTURE IN SOLVYCHEGODSK, TAKING INTO ACCOUNT THE ARCHITECTURAL IDENTITY OF THE CITY _eJournal article 210 1# _aBelgorod _cBelgorod State Technological University named after V.G. Shukhov _d2026 215 ## _a10 с. 606 ## _aАрхитектура. 07.06.01 _2local 608 ## _aJournal article _2local 675 ## _aПредварительные исследования. Составление задания на проектирование, программирование. 721.001 _z 686 ## _aАрхитектура. 8511 _2bbk 686 ## _aАрхитектура гражданских и промышленных зданий. 8527 _2tbk 686 ## _aАрхитектура. 67.07 _2grnti 700 #1 _aEremeeva _gA. F. 700 #1 _aNovikova _gV. E. 700 #1 _aRassolova _gS. S. 856 4# _abulletinbstu.editorum.ru _u